| 000 | 00564nam a2200217 a 4500 | ||
|---|---|---|---|
| 001 | 0001-2082 | ||
| 003 | ELIB.Books | ||
| 008 | 190722 2010 eng | ||
| 020 | _a9715116930 | ||
| 092 |
_a253 _bFis |
||
| 100 | _aFisher, David. | ||
| 245 | _aThe 21st Century Pastor | ||
| 260 |
_aManila _bOMF Liturature INC. _c2001 |
||
| 300 |
_a252 _c20cm |
||
| 650 | _aPastoral Theology | ||
| 856 |
_nKBTS Library _uKBTS Elib |
||
| 942 |
_2ddc _cBK |
||
| 990 | _a5 | ||
| 998 |
_aEnglishbooks.elf _ccat _e2019-07-22 _mcat _u2019-07-23 |
||
| 999 |
_c12082 _d12082 |
||